Statistiken für Erkenne den Fußballspieler 1

Klicken Sie hier um das Quiz zu spielen!

Allgemein

  • Dieses Quiz wurde 407 mal gespielt
  • Das Durchschnittsergebnis liegt bei 13 aus 15

Antwortstatistiken

HintAntwort% Korrekt
ST,Frankreich,PSGMbappe
99%
ST,Portugal,Al NassrRonaldo
97%
TW,Italien,PSGDonnarumma
94%
RF,Ägypten,LiverpoolSalah
94%
LM,Südkorea,Tottenham HotspurSon
94%
IV,Deutschland,Real MadridRüdiger
93%
IV,Spanien,PSGRamos
92%
CAM,Deutschland,BayernMüller
90%
TW,Dänemark,NiceSchmeichel
90%
ZM,Frankreich,ChelseaKante
88%
RF,Algerien,Manchester CityMahrez
87%
RV,England,Manchester CityWalker
83%
ST,Brasilien,ArsenalJesus
80%
ZM,England,LiverpoolHenderson
76%
ST,Niederlande,Manchester UnitedWeghorst
73%

Verteilung der Resultate

Perzentil nach korrekt beantworteten Fragen

Anzahl Personen mit jedem Resultat

Ihre Resultats-Entwicklung

Sie haben dieses Quiz noch nicht gespielt